[Event "ZN-2010-0-01077"]
[Site "LSS email"]
[Date "2010.06.21"]
[Round "?"]
[White "Zydeck, Stefan"]
[Black "Neil, Charles"]
[Result "0-1"]
[WhiteElo "620"]
[BlackElo "515"]
[PlyCount "42"]
[EventDate "2010.06.14"]
[EventType "match (corr)"]
[EventRounds "2"]
[EventCountry "GER"]
[SourceTitle "Telechess CBM 143"]
[Source "ChessBase"]
[SourceDate "2011.07.15"]
[SourceVersion "1"]
[SourceVersionDate "2011.07.15"]
[SourceQuality "1"]

1. e4 e6 2. d4 d5 3. Nc3 Nf6 4. e5 Nfd7 5. Nf3 c5 6. dxc5 Bxc5 7. Bb5 0-0 8. 0-0 a6 9. Ba4 Nc6 10. Bg5 Qb6 11. Rb1 Ndxe5 12. Bxc6 Nxc6 13. Na4 Qa7 14. Qe1 Bd6 15. Be3 Qb8 16. Nb6 d4 17. Nxa8 dxe3 18. Nb6 exf2+ 19. Qxf2 e5 20. Rfe1 e4 21. Rxe4 Be6 0-1

[Event "OP-2010-0-01185"]
[Site "LSS email"]
[Date "2010.06.13"]
[Round "?"]
[White "Yangibayev, Rustam"]
[Black "Zydeck, Stefan"]
[Result "1-0"]
[WhiteElo "673"]
[BlackElo "620"]
[PlyCount "43"]
[EventDate "2010.06.09"]
[EventType "tourn (corr)"]
[EventRounds "4"]
[EventCountry "GER"]
[SourceTitle "Telechess CBM 143"]
[Source "ChessBase"]
[SourceDate "2011.07.15"]
[SourceVersion "1"]
[SourceVersionDate "2011.07.15"]
[SourceQuality "1"]

1. d4 d5 2. c4 e6 3. Nc3 Nf6 4. Bg5 Be7 5. Nf3 Nc6 6. e3 0-0 7. a3 Re8 8. Be2 dxc4 9. Bxc4 Nd5 10. Bxe7 Nxc3 11. bxc3 Qxe7 12. 0-0 Rd8 13. Bb3 e5 14. Nd2 Be6 15. Rb1 Qxa3 16. Bxe6 fxe6 17. Rxb7 Qxc3 18. Rxc7 exd4 19. Qg4 dxe3 20. Ne4 exf2+ 21. Nxf2 Rd4 22. Qxg7# 1-0

[Event "OP-2010-0-01185"]
[Site "LSS email"]
[Date "2010.06.13"]
[Round "?"]
[White "Zydeck, Stefan"]
[Black "Zalascek, Vlado"]
[Result "0-1"]
[WhiteElo "632"]
[BlackElo "1001"]
[PlyCount "50"]
[EventDate "2010.06.09"]
[EventType "tourn (corr)"]
[EventRounds "4"]
[EventCountry "GER"]
[SourceTitle "Telechess CBM 143"]
[Source "ChessBase"]
[SourceDate "2011.07.15"]
[SourceVersion "1"]
[SourceVersionDate "2011.07.15"]
[SourceQuality "1"]

1. e4 e6 2. d4 d5 3. exd5 Qxd5 4. Nc3 Bb4 5. Nf3 Nf6 6. Bd2 Bxc3 7. Bxc3 0-0 8. Bd3 Nc6 9. 0-0 b6 10. b3 a5 11. Bc4 Qh5 12. Qd3 Bb7 13. Rfe1 Nb4 14. Bxb4 axb4 15. Bb5 Bxf3 16. Qxf3 Qxf3 17. gxf3 Rfd8 18. Bc6 Ra5 19. Red1 Nh5 20. Kg2 Nf4+ 21. Kf1 Rh5 22. Kg1 Ne2+ 23. Kf1 Nxd4 24. Be4 Rxh2 25. Rd2 Rh1+ 0-1

[Event "LSS BI-2010-P-00018"]
[Site "LSS email"]
[Date "2010.04.19"]
[Round "?"]
[White "Percze, Rajmond"]
[Black "Zydeck, Stefan"]
[Result "1-0"]
[WhiteElo "2279"]
[BlackElo "620"]
[PlyCount "29"]
[EventDate "2010.04.22"]
[EventType "tourn (corr)"]
[EventRounds "10"]
[EventCountry "GER"]
[SourceTitle "Corr 2015"]
[Source "ChessBase"]
[SourceDate "2015.07.17"]
[SourceVersion "1"]
[SourceVersionDate "2015.07.17"]
[SourceQuality "1"]

1. d4 d5 2. Nf3 Nf6 3. c4 e6 4. g3 c5 5. cxd5 exd5 6. Bg2 Nc6 7. 0-0 Qb6 8. dxc5 Bxc5 9. Nc3 Be6 10. Na4 Qb5 11. Nxc5 Qxc5 12. Be3 Qb5 13. a4 Qxb2 14. Qd3 0-0 15. Rfb1 1-0

[Event "LSS BI-2010-P-00018"]
[Site "LSS email"]
[Date "2010.04.19"]
[Round "?"]
[White "Zydeck, Stefan"]
[Black "Bokros, Janos"]
[Result "0-1"]
[WhiteElo "620"]
[BlackElo "1697"]
[PlyCount "26"]
[EventDate "2010.04.22"]
[EventType "tourn (corr)"]
[EventRounds "10"]
[EventCountry "GER"]
[SourceTitle "Corr 2015"]
[Source "ChessBase"]
[SourceDate "2015.07.17"]
[SourceVersion "1"]
[SourceVersionDate "2015.07.17"]
[SourceQuality "1"]

1. e4 e5 2. Nf3 Nc6 3. Bc4 Bc5 4. 0-0 Nf6 5. Nc3 0-0 6. d3 h6 7. Na4 d6 8. Re1 Bb6 9. Nxb6 axb6 10. Bd2 Bg4 11. h3 Bxf3 12. Qxf3 Nd4 13. Qe3 Nxc2 0-1

[Event "LSS BI-2010-P-00018"]
[Site "LSS email"]
[Date "2010.04.19"]
[Round "?"]
[White "Zydeck, Stefan"]
[Black "Jara, Julio Cesar"]
[Result "0-1"]
[WhiteElo "698"]
[BlackElo "1484"]
[PlyCount "40"]
[EventDate "2010.04.22"]
[EventType "tourn (corr)"]
[EventRounds "10"]
[EventCountry "GER"]
[SourceTitle "Telechess CBM 141"]
[Source "ChessBase"]
[SourceDate "2011.03.17"]
[SourceVersion "1"]
[SourceVersionDate "2011.03.17"]
[SourceQuality "1"]

1. e4 e5 2. d4 exd4 3. c3 dxc3 4. Bc4 cxb2 5. Bxb2 d5 6. Bxd5 Nf6 7. Bxf7+ Kxf7 8. Qxd8 Bb4+ 9. Qd2 Bxd2+ 10. Nxd2 Re8 11. e5 Nc6 12. Ngf3 Nd5 13. 0-0 Nf4 14. Rfe1 Nd3 15. Reb1 Bf5 16. Ng5+ Kg8 17. Nc4 Ndxe5 18. Nxe5 Bxb1 19. Rxb1 Nxe5 20. Rc1 Nd3 0-1